International perspectives on early childhood research : (Record no. 25135)
[ view plain ]
| 000 -LEADER | |
|---|---|
| fixed length control field | 01101nam a2200205 a 4500 |
| 005 - DATE AND TIME OF LATEST TRANSACTION | |
| control field | 20140310183604.0 |
| 008 - FIXED-LENGTH DATA ELEMENTS--GENERAL INFORMATION | |
| fixed length control field | 120706s19uu xx 00 eng d |
| 020 ## - INTERNATIONAL STANDARD BOOK NUMBER | |
| International Standard Book Number | 9780230232495 |
| 050 ## - LIBRARY OF CONGRESS CALL NUMBER | |
| Classification number | HQ 767.85 |
| Item number | .In58 2010 |
| 245 ## - TITLE STATEMENT | |
| Title | International perspectives on early childhood research : |
| Remainder of title | a day in the life / |
| Statement of responsibility, etc | edited by Julia Gillen and Catherine Ann Cameron. |
| 260 ## - PUBLICATION, DISTRIBUTION, ETC. (IMPRINT) | |
| Place of publication, distribution, etc | Basingstoke, England ; New York : |
| Name of publisher, distributor, etc | Palgrave Macmillan, |
| Date of publication, distribution, etc | 2010. |
| 300 ## - PHYSICAL DESCRIPTION | |
| Extent | xiii, 202 p. : |
| Other physical details | ill. ; |
| Dimensions | 22 cm. |
| 500 ## - GENERAL NOTE | |
| General note | Includes bibliographical references (p. 180-193) and index. |
| 520 ## - SUMMARY, ETC. | |
| Summary, etc | "An international team of researchers videoed a day in the life of two-and-a-half-year-old girls at home in Canada, Italy, Peru, Thailand, Turkey, the UK and the USA. Different paths to wellbeing are illustrated through words and images. The book examines how human culture is shaped through interactions involving young children and their families"--Provided by publisher. |
| 521 ## - TARGET AUDIENCE NOTE | |
| Target audience note | |
| 650 ## - SUBJECT ADDED ENTRY--TOPICAL TERM | |
| Topical term or geographic name as entry element | Children |
| General subdivision | Cross-cultural studies |
| 700 ## - ADDED ENTRY--PERSONAL NAME | |
| Personal name | Cameron, Catherine Ann |
| 942 ## - ADDED ENTRY ELEMENTS (KOHA) | |
| Koha item type | Books |
| Source of classification or shelving scheme | Library of Congress Classification |
| Call number prefix | Foreign |
| Withdrawn status | Lost status | Source of classification or shelving scheme | Damaged status | Home library | Current library | Shelving location | Date acquired | Source of acquisition | Cost, normal purchase price | Total Checkouts | Full call number | Barcode | Date last seen | Copy number | Price effective from | Koha item type |
|---|---|---|---|---|---|---|---|---|---|---|---|---|---|---|---|---|
| Library of Congress Classification | College Library | College Library | General Circulation Section | 07/06/2012 | Library Fund | 4798.00 | HQ 767.85 .In58 2010 | C14488 | 05/15/2018 | 1 | 10/18/2013 | Books |